Swamy's complete manual on establishment and administration for central government offices / (Record no. 42942)

MARC details
000 -LEADER
fixed length control field 00846nam a22002177a 4500
005 - DATE AND TIME OF LATEST TRANSACTION
control field 20100823111841.0
010 ## - LCCN (DPL NO)
LC control number ENG-101345
020 ## - INTERNATIONAL STANDARD BOOK NUMBER
Terms of availability 300.00
035 ## - SYSTEM CONTROL NUMBER
System control number EN-84878
037 ## - SOURCE OF ACQUISITION
Source of stock number/acquisition DBAD/PUB
082 ## - DEWEY DECIMAL CLASSIFICATION NUMBER
Classification number 351.0954
100 ## - MAIN ENTRY--PERSONAL NAME
Personal name Muthuswamy
245 ## - TITLE STATEMENT
Title Swamy's complete manual on establishment and administration for central government offices /
Statement of responsibility, etc by Muthuswamy [and] Brinda
260 ## - PUBLICATION, DISTRIBUTION, ETC. (IMPRINT)
Place of publication, distribution, etc Chennai
Name of publisher, distributor, etc Swamy Publishers
Date of publication, distribution, etc 1999
270 ## - ADDRESS
Address 164, R. K. Mutt Road, Post Box No.2468
City Chennai
Postal code 600028
300 ## - PHYSICAL DESCRIPTION
Extent xvi,1071p.:
Other physical details ill.
Dimensions 22cm (Hb)
650 ## - SUBJECT ADDED ENTRY--TOPICAL TERM
Topical term or geographic name as entry element Public Administration
Geographic subdivision India
700 ## - ADDED ENTRY--PERSONAL NAME
Personal name Brinda
9 (RLIN) 16131
942 ## - ADDED ENTRY ELEMENTS (KOHA)
Source of classification or shelving scheme Dewey Decimal Classification
Item type English Books
Classification part 351.0954
Call number suffix MUT
Holdings
Withdrawn status Lost status Not for loan Collection code Home library Current library Date acquired Source of acquisition Cost, normal purchase price Full call number Barcode Copy number Cost, replacement price Koha item type
    Not For Loan Non-fiction D.B.Act.Division D.B.Act.Division 23/08/2010 DBAD/PUB 300.00 351.0954 MUT EN-84878 1 300.00 English Books

© Delhi Public Library
Hit Counter
free hit counter